000 00250 a2200097 4500
001 39903
100 _aBiddulph C E
245 _aSelections from Poems of Khush Hal Khan Khattak
260 _aPeshawar
_bSaeed Book Bank
_c1983
090 _c24898
_d24898
942 _aNUST-CAE
_cM
_c16555
999 _c274976
_d274976